| 000 | 00424nam a2200157Ia 4500 | ||
|---|---|---|---|
| 008 | 151213s9999 xx 000 0 und d | ||
| 020 | _a984-512-338-4 | ||
| 100 | _aAbdul Karim | ||
| 245 |
_aCorpus of the Arabic and Persian Inscriptions of Bengal _cAbdul Karim |
||
| 260 |
_aDhaka _bAsiatic Socitey _c1992 |
||
| 300 | _a7310 p. | ||
| 650 | _aAnnual Report | ||
| 650 | _aReference | ||
| 700 | _aAbdul Karim | ||
| 999 |
_c3880 _d3880 |
||